000
00289nam a22001337a 4500
008
181004b xxu||||| |||| 00| 0 eng d
020
_a
9780470496749
041
_a
eng
080
_a
330
100
_a
59
101
_a
BUS
245
_a
Contemporary Business
_c
Kurtz.B
942
_2
udc
_c
BK
999
_c
48859
_d
48859